| 000 | 00000nas 2200000zi 4500 |
| 001 | 9.882638 |
| 003 | CaOODSP |
| 005 | 20250820105528 |
| 006 | m o d f |
| 007 | cr cn||||||||| |
| 008 | 191205c20199999oncar p o s f0 a0eng|d |
| 022 | |a2562-8321|y2562-8313 |
| 040 | |aCaOODSP|beng|erda|cCaOODSP |
| 043 | |an-cn--- |
| 086 | 1 |aFR2-8E-PDF |
| 222 | 0|aCanada's state of trade … |b(Online) |
| 245 | 00|aCanada's state of trade … |
| 246 | 30|aState of trade ... |
| 264 | 1|aOttawa, ON : |bGlobal Affairs Canada = Affaires mondiales Canada, |c[2019]- |
| 310 | |aAnnual |
| 336 | |atext|btxt|2rdacontent |
| 337 | |acomputer|bc|2rdamedia |
| 338 | |aonline resource|bcr|2rdacarrier |
| 362 | 1 |aBegan with 2019. |
| 500 | |aIssued also in French under title: Le point sur le commerce ... |
| 588 | |aDescription based on: 2019. |
| 588 | |aLatest issue consulted: 2019. |
| 655 | 7|aPeriodicals|2lcgft |
| 710 | 1 |aCanada. |bGlobal Affairs Canada. |
| 775 | 08|tLe point sur le commerce.|w(CaOODSP)9.882639 |
| 780 | 00|tCanada's state of trade, trade and investment update.|w(CaOODSP)9.506081 |